00506nam a2200217Ia 4500008004000000020001800040041000800058082001700066100001500083245005000098260003900148300000800187440000600195650000700201650001300208650001400221650000700235650001300242650001600255700001700271210210b2010 xxu||||| |||| 00| 0 eng d a9788127257989 aeng a657.046 JAIP aJAIN (S P) aPractical problems in advanced accountancy V1 aLudhianabKalyani Publishersc2010 a774 a1 aV1 aproblems aPractical ain aadvanced aaccountancy aNARANG (K L)